[Event "Tula Kozlov Memorial"]
[Site "Tula"]
[Date "2014.12.21"]
[Round "8"]
[White "Atababayev, Khalid"]
[Black "Trubizin, Ivan"]
[Result "1-0"]
[WhiteElo "1984"]
[BlackElo "2305"]
[PlyCount "85"]
[EventDate "2014.12.16"]
[EventType "tourn"]
[EventRounds "13"]
[EventCountry "RUS"]
[EventCategory "2"]
[SourceTitle "EXT 2017"]
[Source "ChessBase"]
[SourceDate "2016.10.25"]
[SourceVersion "1"]
[SourceVersionDate "2016.10.25"]
[SourceQuality "1"]

1. e4 b6 2. d4 Bb7 3. Nc3 g6 4. Nf3 Bg7 5. Bc4 e6 6. 0-0 Ne7 7. Bg5 0-0 8. Qd2 d5 9. Bxe7 Qxe7 10. exd5 Bxd5 11. Nxd5 exd5 12. Bxd5 c6 13. Bb3 Qd6 14. Qe3 Nd7 15. Rfe1 Rad8 16. Rad1 Nf6 17. Qe7 Nd5 18. Qxd6 Rxd6 19. Re2 Bf6 20. Rde1 Rfd8 21. g3 Kg7 22. c3 b5 23. a3 a5 24. Nd2 a4 25. Bc2 R6d7 26. Nf3 Nb6 27. Kg2 Rc7 28. Rd1 c5 29. dxc5 Rxc5 30. Rxd8 Bxd8 31. Bd3 Rd5 32. Rd2 Bf6 33. Bf1 Rxd2 34. Nxd2 Bg5 35. f4 Be7 36. Bxb5 Kf8 37. Nc4 Nxc4 38. Bxc4 Ke8 39. Bb5+ Kd8 40. Bxa4 Kc7 41. Bb3 f6 42. Kf3 Kc6 43. Bg8 1-0

[Event "Tula Kozlov Memorial"]
[Site "Tula"]
[Date "2014.12.19"]
[Round "6"]
[White "Atababayev, Khalid"]
[Black "Sosulin, Eduard"]
[Result "1/2-1/2"]
[WhiteElo "1984"]
[BlackElo "2362"]
[PlyCount "44"]
[EventDate "2014.12.16"]
[EventType "tourn"]
[EventRounds "13"]
[EventCountry "RUS"]
[EventCategory "2"]
[SourceTitle "EXT 2017"]
[Source "ChessBase"]
[SourceDate "2016.10.25"]
[SourceVersion "1"]
[SourceVersionDate "2016.10.25"]
[SourceQuality "1"]

1. e4 e6 2. d4 d5 3. exd5 exd5 4. Nf3 Nf6 5. Bd3 Bd6 6. 0-0 0-0 7. c3 Bg4 8. h3 Bh5 9. Bg5 Nbd7 10. Nbd2 Bxf3 11. Nxf3 c6 12. Re1 Qc7 13. Qd2 Rfe8 14. Qc2 h6 15. Bxf6 Nxf6 16. a3 Rxe1+ 17. Rxe1 Re8 18. Rxe8+ Nxe8 19. Qe2 Qe7 20. Qxe7 Bxe7 21. g3 g6 22. Kg2 Kg7 1/2-1/2

[Event "Tula Kozlov Memorial"]
[Site "Tula"]
[Date "2014.12.18"]
[Round "5"]
[White "Postypalskiy, Mihail"]
[Black "Atababayev, Khalid"]
[Result "1-0"]
[WhiteElo "2258"]
[BlackElo "1984"]
[PlyCount "119"]
[EventDate "2014.12.16"]
[EventType "tourn"]
[EventRounds "13"]
[EventCountry "RUS"]
[EventCategory "2"]
[SourceTitle "EXT 2017"]
[Source "ChessBase"]
[SourceDate "2016.10.25"]
[SourceVersion "1"]
[SourceVersionDate "2016.10.25"]
[SourceQuality "1"]

1. e4 a6 2. d4 b5 3. Nf3 Bb7 4. Bd3 Nf6 5. e5 Nd5 6. 0-0 e6 7. a4 b4 8. Ng5 Be7 9. Qg4 g6 10. h4 Nc6 11. c4 bxc3 12. bxc3 Rb8 13. Qf3 Bxg5 14. Bxg5 Nce7 15. Be4 Qc8 16. Nd2 h6 17. Bxe7 Nxe7 18. Rab1 Bxe4 19. Nxe4 Rxb1 20. Rxb1 0-0 21. h5 Nd5 22. c4 Ne7 23. Qf6 Qd8 24. Rb7 a5 25. Rb5 Nc6 26. hxg6 Qxf6 27. Nxf6+ Kg7 28. gxf7 Nxd4 29. Rxa5 Rxf7 30. Ra8 Kg6 31. f3 Nc6 32. Rg8+ Kf5 33. Ng4 Re7 34. Rh8 Kg5 35. c5 h5 36. Nf2 Nxe5 37. a5 d6 38. a6 Nc6 39. Ne4+ Kg6 40. Rg8+ Kf7 41. cxd6 Kxg8 42. dxe7 Kf7 43. Nf6 Kxe7 44. Nxh5 Kd6 45. f4 Kc5 46. Ng7 Kb6 47. Nxe6 Kxa6 48. f5 Kb6 49. g4 Kb7 50. g5 Kc8 51. Kf2 Kd7 52. Kf3 Ke7 53. Kf4 Kf7 54. g6+ Kf6 55. Nxc7 Kg7 56. Kg5 Kg8 57. Nd5 Kf8 58. f6 Nd8 59. g7+ Kf7 60. Ne7 1-0

[Event "Tula Kozlov Memorial"]
[Site "Tula"]
[Date "2014.12.17"]
[Round "2"]
[White "Atababayev, Khalid"]
[Black "Idrisov, Tebriz Arif Oglu"]
[Result "1-0"]
[WhiteElo "1984"]
[BlackElo "2249"]
[PlyCount "87"]
[EventDate "2014.12.16"]
[EventType "tourn"]
[EventRounds "13"]
[EventCountry "RUS"]
[EventCategory "2"]
[SourceTitle "EXT 2017"]
[Source "ChessBase"]
[SourceDate "2016.10.25"]
[SourceVersion "1"]
[SourceVersionDate "2016.10.25"]
[SourceQuality "1"]

1. d4 d5 2. c4 e6 3. Nf3 Nf6 4. g3 Be7 5. Bg2 0-0 6. 0-0 dxc4 7. Qc2 a6 8. a4 Bd7 9. Rd1 Bc6 10. Nc3 Nbd7 11. e4 Nb6 12. Ne5 Be8 13. a5 Nc8 14. Nxc4 Bb5 15. b3 Nd7 16. e5 c6 17. Ne4 Re8 18. Ba3 Bxa3 19. Rxa3 Re7 20. Ncd6 Nxd6 21. Nxd6 Nf8 22. h4 Rd7 23. b4 Qc7 24. Bf1 Bxf1 25. Rxf1 h6 26. f4 Rad8 27. Qc4 Nh7 28. g4 Nf8 29. g5 hxg5 30. hxg5 Ng6 31. f5 exf5 32. Nxf5 Nf8 33. Rh3 g6 34. Nh6+ Kg7 35. Rhf3 Ne6 36. Rxf7+ Rxf7 37. Rxf7+ Qxf7 38. Nxf7 Kxf7 39. Qf1+ Kg8 40. Qf6 Re8 41. Qxg6+ Ng7 42. Qd6 Re6 43. Qb8+ Ne8 44. Qxb7 1-0

[Event "Moscow op-B"]
[Site "Moscow"]
[Date "2009.02.01"]
[Round "3"]
[White "Savitskiy, Sergey"]
[Black "Atababayev, Khalid"]
[Result "1/2-1/2"]
[WhiteElo "2143"]
[BlackElo "1961"]
[PlyCount "39"]
[EventDate "2009.01.31"]
[EventType "swiss"]
[EventRounds "9"]
[EventCountry "RUS"]
[SourceTitle "EXT 2012"]
[Source "ChessBase"]
[SourceDate "2011.11.24"]
[SourceVersion "1"]
[SourceVersionDate "2011.11.24"]
[SourceQuality "1"]

1. e4 Nf6 2. Nc3 d5 3. e5 d4 4. exf6 dxc3 5. bxc3 gxf6 6. d4 c6 7. Nf3 Bg4 8. h3 Bh5 9. Bc4 e6 10. 0-0 Qa5 11. Bd2 Rg8 12. Kh1 Nd7 13. Rb1 0-0-0 14. Bd3 Bd6 15. c4 Bxf3 16. Qxf3 Qxd2 17. c5 Qf4 18. Qxc6+ bxc6 19. Ba6+ Kc7 20. Rb7+ 1/2-1/2